Hearing on National Defense Authorization Act for fiscal year 2021 and oversight of previously authorized programs before the Committee on Armed Services, House of Representatives, One Hundred Sixteenth Congress, second session : Subcommittee on Seapower and Projection Forces hearing on Department of the Navy fiscal year 2021 budget request for seapower and project forces : hearing held March 4, 2020.

Bibliographic Details
Corporate Author: United States. Congress. House. Committee on Armed Services. Subcommittee on Seapower and Projection Forces (Author)
Format: Government Document eBook
Language:English
Published: Washington : U.S. Government Publishing Office, 2021.
Subjects:
Online Access:https://purl.fdlp.gov/GPO/gpo155115

MARC

Tag First Indicator Second Indicator Subfields
LEADER 00000cam a2200000 i 4500
001 in00004434603
005 20211120112040.0
006 m o d f
007 cr |||||||||||
008 210430s2021 dcua o f000 0 eng c
024 8 |a 41-864  |q (GPO jacket number) 
035 |a (OCoLC)on1249030665 
040 |a GPO  |b eng  |e rda  |e pn  |c GPO  |d GPO  |d MvI  |d UtOrBLW 
042 |a pcc 
043 |a n-us--- 
049 |a WWW 
050 4 |a KF27  |b .A7687 2020b 
074 |a 1012-F (online) 
086 0 |a Y 4.AR 5/2 A:2019-2020/73 
088 |a H.A.S.C. no. 116-73 
110 1 |a United States.  |b Congress.  |b House.  |b Committee on Armed Services.  |b Subcommittee on Seapower and Projection Forces,  |e author.  |0 http://id.loc.gov/authorities/names/no2011153620 
240 1 0 |a Hearing on National Defense Authorization Act for fiscal year 2021 and oversight of previously authorized programs (2020 March 4) 
245 1 0 |a Hearing on National Defense Authorization Act for fiscal year 2021 and oversight of previously authorized programs before the Committee on Armed Services, House of Representatives, One Hundred Sixteenth Congress, second session :  |b Subcommittee on Seapower and Projection Forces hearing on Department of the Navy fiscal year 2021 budget request for seapower and project forces : hearing held March 4, 2020. 
246 3 0 |a Department of the Navy fiscal year 2021 budget request for seapower and project forces 
264 1 |a Washington :  |b U.S. Government Publishing Office,  |c 2021. 
300 |a 1 online resource (iii, 79 pages) :  |b illustrations 
336 |a text  |b txt  |2 rdacontent 
337 |a computer  |b c  |2 rdamedia 
338 |a online resource  |b cr  |2 rdacarrier 
500 |a Access ID (govinfo): CHRG-116hhrg41864. 
500 |a "H.A.S.C. number 116-73." 
511 0 |a Hearing witnesses: Geurts, Hon. James F., Assistant Secretary of the Navy, Research, Development and Acquisition, Department of the Navy; VADM James W. Kilby, USN, Deputy Chief of Naval Operations, Warfighting Requirements and Capabilities; and LtGen Eric Smith, USMC, Deputy Commandant, Combat Development and Integration, Headquarters, United States Marine Corps. 
518 |a Date of hearing: 2020-03-04. 
588 |a Description based on online resource; title from PDF title page (govinfo, viewed Apr. 30, 2021). 
610 1 0 |a United States.  |b Department of the Navy  |x Appropriations and expenditures. 
610 1 0 |a United States.  |b Navy  |x Operational readiness. 
610 1 0 |a United States.  |b Navy  |x Procurement.  |0 http://id.loc.gov/authorities/subjects/sh85140988 
650 0 |a Sea-power  |z United States.  |0 http://id.loc.gov/authorities/subjects/sh2008111394 
650 0 |a Shipbuilding  |z United States  |x Finance. 
655 7 |a Legislative hearings.  |2 lcgft  |0 http://id.loc.gov/authorities/genreForms/gf2013025047 
776 0 8 |i Print version:  |a United States. Congress. House. Committee on Armed Services. Subcommittee on Seapower and Projection Forces.  |s Hearing on National Defense Authorization Act for fiscal year 2021 and oversight of previously authorized programs (2020 March 4).  |t Hearing on National Defense Authorization Act for fiscal year 2021 and oversight of previously authorized programs before the Committee on Armed Services, House of Representatives, One Hundred Sixteenth Congress, second session  |w (OCoLC)1249030850 
856 4 0 |u https://purl.fdlp.gov/GPO/gpo155115  |t 0 
999 f f |s 2182624e-c2be-3058-a654-9d446c7615d0  |i 4ee5a339-209b-31e6-a61e-de09950ffa89  |t 0 
952 f f |a Texas A&M University  |b College Station  |c Electronic Resources  |d Available Online  |t 0  |e Y 4.AR 5/2 A:2019-2020/73  |h Superintendent of Documents classification 
998 f f |a Y 4.AR 5/2 A:2019-2020/73  |t 0  |l Available Online